000 00564nam a2200217 4500
003 OSt
005 20260601193845.0
008 260507b1970 |||a|||| |||| 00| 0 eng d
020 _a670528307
040 _aICI
_bspa
_cICI
050 _aQA464
_bC74
100 1 _aCritchlow, Keith
_931311
245 1 _aOrder in Space:
_ba design source book
264 _bThe Viking Press
_c1969
_aNew York
300 _a120 páginas
336 _atexto
_2rdacontent
337 _asin medio
_2rdamedia
338 _avolumen
_2rdacarrier
650 _aDiseño
942 _2lcc
_cB
_n1
999 _c21605
_d21605